书目信息 |
| 题名: |
世界通史
|
|
| 作者: | 李昕主编 | |
| 分册: | 肆 | |
| 出版信息: | 北京 团结出版社 2021.04 |
|
| 页数: | 4册(12,858页) | |
| 开本: | 21cm | |
| 丛书名: | ||
| 单 册: | ||
| 中图分类: | K109 | |
| 科图分类: | ||
| 主题词: | 世界史:通史 | |
| 电子资源: | ||
| ISBN: | 978-7-5126-8735-6 | |
| 000 | 00874nam0 2200241 450 | |
| 001 | 2437958185 | |
| 005 | 20241107103328.51 | |
| 010 | @a978-7-5126-8735-6@dCNY74.50 | |
| 096 | @aK109@blx | |
| 100 | @a20210726d2021 em y0chiy50 ea | |
| 101 | 0 | @achi |
| 102 | @aCN@b110000 | |
| 105 | @aa z 000yy | |
| 200 | 1 | @a世界通史 @h肆@f李昕主编 |
| 210 | @a北京@c团结出版社@d2021.04 | |
| 215 | @a4册(12,858页)@c照片,图@d21cm | |
| 300 | @a彩色详解 现代经典 | |
| 330 | @a本书分为世界古代史、世界近代史、世界现代史、世界当代史四大篇章。 选取了世界历史上的重大事件、风云人物、辉煌成就、灿烂文化等内容, 力求在真实性、趣味性和启迪性等方面达到一个新的高度, 并通过科学的体例与创新的版式, 全方位、新视角、多层面地阐释世界历史。 | |
| 503 | @n河南城建学院图书馆 | |
| 606 | 0 | @a世界史:通史 |
| 690 | @aK109@v4 | |
| 801 | 0 | @aCN@bMuseLib.NET@c20210726 |
| 905 | @aZUCC@dK109@eL305.3 | |
| 世界通史 .肆/李昕主编.-北京:团结出版社,2021.04 |
| 4册(12,858页):照片,图;21cm |
| 彩色详解 现代经典 |
| ISBN 978-7-5126-8735-6:CNY74.50 |
| 本书分为世界古代史、世界近代史、世界现代史、世界当代史四大篇章。 选取了世界历史上的重大事件、风云人物、辉煌成就、灿烂文化等内容, 力求在真实性、趣味性和启迪性等方面达到一个新的高度, 并通过科学的体例与创新的版式, 全方位、新视角、多层面地阐释世界历史。 |
| ● |
| 相关链接 |
|
|
|
正题名:世界通史
索取号:K109/L305.3
 
预约/预借
| 序号 | 登录号 | 条形码 | 馆藏地/架位号 | 状态 | 备注 |
| 1 | 1553346 | 215533466 | 社科库309/309社科库 104排2列6层/ [索取号:K109/L305.3] | 在馆 |